[Event "Jerusalem Israel op"]
[Site "Jerusalem"]
[Date "2019.12.18"]
[Round "6"]
[White "Baron, Tal"]
[Black "Shtemler, Lavi"]
[Result "1-0"]
[WhiteElo "2541"]
[BlackElo "2181"]
[PlyCount "78"]
[EventDate "2019.12.12"]
[EventType "swiss"]
[EventRounds "9"]
[EventCountry "ISR"]
[SourceTitle "CBM 193 Extra"]
[Source "ChessBase"]
[SourceDate "2020.01.31"]
[SourceVersion "1"]
[SourceVersionDate "2020.01.31"]
[SourceQuality "1"]

1. d4 Nf6 2. c4 e6 3. Nf3 Bb4+ 4. Nbd2 0-0 5. a3 Be7 6. Qc2 d5 7. g3 b6 8. Bg2 Bb7 9. 0-0 Nbd7 10. b4 c5 11. cxd5 exd5 12. bxc5 bxc5 13. Rb1 Ba6 14. Re1 Rb8 15. Bb2 c4 16. Ne5 Qc7 17. e4 Rfc8 18. exd5 Rxb2 19. Rxb2 c3 20. Nc6 cxb2 21. Rxe7 Qd6 22. Qxb2 Nxd5 23. Bxd5 Qxd5 24. Nb4 Qd6 25. Rxd7 Qxd7 26. Nxa6 Qe6 27. Nc5 Qe1+ 28. Kg2 h6 29. Qb7 Re8 30. Nf3 Qe7 31. Qxe7 Rxe7 32. Ne5 f6 33. Nc6 Rc7 34. d5 Kf7 35. Kf3 f5 36. Ke3 Kf6 37. Kd4 Rc8 38. Nxa7 Ra8 39. Nb5 Ke7 1-0

[Event "Jerusalem Japhet Memorial op"]
[Site "Jerusalem"]
[Date "2013.08.06"]
[Round "3"]
[White "Shtemler, Lavi"]
[Black "Levinsky, Gregory"]
[Result "0-1"]
[WhiteElo "2038"]
[BlackElo "1992"]
[PlyCount "122"]
[EventDate "2013.08.04"]
[EventType "swiss"]
[EventRounds "5"]
[EventCountry "ISR"]
[SourceTitle "EXT 2019"]
[Source "ChessBase"]
[SourceDate "2018.10.10"]
[SourceVersion "1"]
[SourceVersionDate "2018.10.10"]
[SourceQuality "1"]

1. Nf3 d6 2. c4 e5 3. Nc3 f5 4. d4 e4 5. Ng5 Be7 6. Nh3 Nf6 7. g3 c6 8. e3 Na6 9. Nf4 0-0 10. h4 Nc7 11. Bd2 Ne6 12. Nce2 Nc7 13. Rc1 Kh8 14. Ba5 b6 15. Bd2 Bd7 16. d5 c5 17. Bc3 Qe8 18. h5 Kg8 19. b4 Ng4 20. bxc5 bxc5 21. Ba5 Ne5 22. Bg2 Na6 23. Kf1 Rb8 24. Bc3 Ba4 25. Qe1 Nb4 26. Bxb4 Rxb4 27. Nd4 Qb8 28. Nde6 Rf7 29. Kg1 Bf6 30. g4 Nxg4 31. f3 exf3 32. Bxf3 Ne5 33. Be2 Rb2 34. Qg3 h6 35. Rh2 Bc2 36. Ng6 Be4 37. Bd1 Rxh2 38. Qxh2 Rb7 39. Nxe5 Bxe5 40. Qh4 Bf6 41. Qf4 Rb1 42. Rxb1 Qxb1 43. Qf1 Qxa2 44. Be2 Qa1 45. Bd1 Qc1 46. Qe2 Qb2 47. Qxb2 Bxb2 48. Nd8 Kf8 49. Ba4 Bc3 50. Kf2 Bd3 51. Bb3 a5 52. Kf3 Ke7 53. Ne6 Kf6 54. Kf2 Be4 55. Kg3 Be1+ 56. Kf4 Bh4 57. Nd8 Bg5+ 58. Kg3 Bxe3 59. Bd1 f4+ 60. Kg4 Bd2 61. Nc6 Bd3 0-1

[Event "Kiryat Ono op-A 4th"]
[Site "Kiryat Ono"]
[Date "2013.07.01"]
[Round "2"]
[White "Kobo, Ori"]
[Black "Shtemler, Lavi"]
[Result "1-0"]
[WhiteElo "2307"]
[BlackElo "2034"]
[PlyCount "101"]
[EventDate "2013.06.30"]
[EventType "swiss"]
[EventRounds "5"]
[EventCountry "ISR"]
[SourceTitle "CBM 155 Extra"]
[Source "ChessBase"]
[SourceDate "2013.08.26"]
[SourceVersion "1"]
[SourceVersionDate "2013.08.26"]
[SourceQuality "1"]

1. d4 Nf6 2. Nc3 d5 3. Bg5 Nbd7 4. Qd3 h6 5. Bh4 e6 6. e4 dxe4 7. Nxe4 Be7 8. Nxf6+ Bxf6 9. Bxf6 Qxf6 10. Nf3 0-0 11. 0-0-0 e5 12. Re1 Qf4+ 13. Qe3 Qxe3+ 14. Rxe3 exd4 15. Nxd4 Nf6 16. Bc4 Bd7 17. Re7 Rae8 18. Rhe1 a6 19. b4 b5 20. Bb3 a5 21. a3 axb4 22. axb4 g5 23. c3 Kg7 24. R1e2 c6 25. h3 g4 26. hxg4 Bxg4 27. Rxe8 Rxe8 28. Rxe8 Nxe8 29. Nxc6 Nd6 30. f3 Bc8 31. Kd2 Kf6 32. Kd3 Bb7 33. Na5 Bc8 34. Ke3 h5 35. Kf4 h4 36. c4 bxc4 37. Nxc4 Nb5 38. Nb6 h3 39. gxh3 Bxh3 40. Nd5+ Kg7 41. Ke5 Be6 42. Bc4 Bd7 43. Bxb5 Bxb5 44. f4 Kf8 45. Kd6 f5 46. Nc7 Bd3 47. b5 Be4 48. b6 Bb7 49. Ne6+ Ke8 50. Nc5 Bc8 51. Kc7 1-0

[Event "Kiryat Ono op-A 4th"]
[Site "Kiryat Ono"]
[Date "2013.06.30"]
[Round "1"]
[White "Shtemler, Lavi"]
[Black "Kraus, Ohad"]
[Result "1-0"]
[WhiteElo "2034"]
[BlackElo "2085"]
[PlyCount "53"]
[EventDate "2013.06.30"]
[EventType "swiss"]
[EventRounds "5"]
[EventCountry "ISR"]
[SourceTitle "CBM 155 Extra"]
[Source "ChessBase"]
[SourceDate "2013.08.26"]
[SourceVersion "1"]
[SourceVersionDate "2013.08.26"]
[SourceQuality "1"]

1. c4 g6 2. Nf3 Bg7 3. g3 c5 4. Bg2 Nc6 5. 0-0 Nf6 6. Nc3 0-0 7. a3 d5 8. cxd5 Nxd5 9. Nxd5 Qxd5 10. d3 Qh5 11. Qc2 Bg4 12. Be3 Nd4 13. Bxd4 cxd4 14. Qa4 Qc5 15. Rac1 Qb6 16. h3 Be6 17. Ng5 Bc8 18. Rc2 Rb8 19. Rfc1 Bh6 20. f4 Bf5 21. Qb4 Qd8 22. Rc7 e5 23. Qe7 Qxe7 24. Rxe7 exf4 25. Nxf7 Bg7 26. Bd5 Bf6 27. Ng5+ 1-0